000 00391nam a2200169Ia 4500
001 10299
003 IN-NITTTR
005 20251114233056.0
008 251113s9999||||xx |||||||||||||| ||eng||
040 _beng
040 _cIN-NITTTR
041 _aeng
082 _a025.171 C315R R
100 _aCave, Roderick
245 0 _aRare books librarianship. /
_cCave, Roderick
942 _2ddc
_cBK
999 _c12936
_d12936